LEADER 01012cam1 2200253 450 001 990005592250403321 005 20201123122438.0 100 $a19990530g19681975km-y0itay50------ba 101 0 $ager 105 $af-------001hy 200 1 $aAntike Gemmen in Deutschen Sammlungen$eBerlin, Braunschweig, Göttingen, Hamburg, Hannover, Kassel, München$fbearbeitet mit Unterstntzung der Fritzèhyssen-Stiftung und gedruckt mit Unterstntzung der Deutschen Forschungsgemeinschaft 210 $aMünchen$cPrestel$d1968-1975 215 $a4 v. in 6 tomi$cill.$d29 cm 463 \1$1001990005592620403321$12001 $a<<1.2.: >> Italische Gemmen etruskisch bis römisch-republikanisc 610 0 $aGemme incise - Germania - Collezioni 676 $a736 712 02$aFritz Thyssen Stiftung$c 712 02$aDeutsche Forschungsgemeinschaft 801 0$aIT$bUNINA$gREICAT$2UNIMARC 901 $aBK 912 $a990005592250403321 959 $aFLFBC 996 $aANTIKE Gemmen in Deutschen Sammlungen$9608180 997 $aUNINA LEADER 01712oam 2200481 450 001 9910713937103321 005 20201214091053.0 035 $a(CKB)5470000002506293 035 $a(OCoLC)1200747384$z(OCoLC)1206183780 035 $a(EXLCZ)995470000002506293 100 $a20201019d1983 ua 0 101 0 $aeng 135 $aurbn||||||||| 181 $ctxt$2rdacontent 182 $cc$2rdamedia 183 $acr$2rdacarrier 200 00$aAlleged use of stand-ins for welder qualification tests 210 1$aWashington, D.C. :$cUnited States Nuclear Regulatory Commission, Office of Inspection and Enforcement,$d1983. 215 $a1 online resource 225 1 $aInformation notice ;$vno. 83-61 300 $a"September 26, 1983." 606 $aWelders (Persons)$zUnited States 606 $aVocational qualifications$zUnited States 606 $aNuclear power plants$zUnited States$xDesign and construction 606 $aNuclear power plants$xDesign and construction$2fast 606 $aVocational qualifications$2fast 606 $aWelders (Persons)$2fast 607 $aUnited States$2fast 615 0$aWelders (Persons) 615 0$aVocational qualifications 615 0$aNuclear power plants$xDesign and construction. 615 7$aNuclear power plants$xDesign and construction. 615 7$aVocational qualifications. 615 7$aWelders (Persons) 712 02$aU.S. Nuclear Regulatory Commission.$bOffice of Inspection and Enforcement, 801 0$bGPO 801 1$bGPO 801 2$bOCLCF 801 2$bGPO 906 $aBOOK 912 $a9910713937103321 996 $aAlleged use of stand-ins for welder qualification tests$93349465 997 $aUNINA